[Event "GBR-ch72"]
[Site "Edinburgh"]
[Date "1985.08.07"]
[Round "9.37"]
[White "Wallace, D.."]
[Black "Lewis, David Rhys"]
[Result "1-0"]
[WhiteElo "1965"]
[BlackElo "1885"]
[PlyCount "101"]
[EventDate "1985.07.29"]
[EventType "swiss"]
[EventRounds "11"]
[EventCountry "GBR"]
[SourceTitle "BritBase"]
[Source "John Saunders"]
[SourceDate "2020.09.07"]
[SourceVersion "1"]
[SourceVersionDate "2020.09.07"]
[SourceQuality "2"]

1. Nf3 d5 2. d4 Nf6 3. c3 Bf5 4. Qb3 Qc8 5. Bf4 e6 6. Nbd2 Be7 7. e3 h6 8. h3
Nbd7 9. c4 O-O 10. c5 c6 11. g4 Bh7 12. Bd3 Bd8 13. Kf1 Bc7 14. g5 Nh5 15. Bxc7
Qxc7 16. Rg1 hxg5 17. Bxh7+ Kxh7 18. Nxg5+ Kg8 19. Qd3 Ndf6 20. f4 Rfd8 21.
Ndf3 Ne4 22. Nxe4 dxe4 23. Qxe4 Qa5 24. Kg2 Nf6 25. Qc2 Kh8 26. Kh1 g6 27. Ne5
Qc7 28. Qf2 Nd5 29. Rae1 Kg7 30. Kg2 Rh8 31. Rh1 Rh7 32. Rh2 Rah8 33. a3 Qe7
34. b4 a5 35. Rb1 axb4 36. axb4 Ra8 37. Rb3 Nc7 38. Rh1 Qf6 39. Nc4 Nb5 40. Nb6
Ra3 41. Rxa3 Nxa3 42. Qf3 Nb5 43. Qe4 Rh5 44. Nd7 Qd8 45. Ne5 Qa8 46. Qb1 Qd8
47. Kh2 Qh4 48. Qf1 Qd8 49. Rg1 Nc7 50. Qf3 Nd5 51. Qxh5 1-0

[Event "GBR-ch72"]
[Site "Edinburgh"]
[Date "1985.08.08"]
[Round "10.1"]
[White "Flear, Glenn C"]
[Black "Speelman, Jonathan S"]
[Result "0-1"]
[WhiteElo "2475"]
[BlackElo "2530"]
[PlyCount "78"]
[EventDate "1985.07.29"]
[EventType "swiss"]
[EventRounds "11"]
[EventCountry "GBR"]
[SourceTitle "BritBase"]
[Source "John Saunders"]
[SourceDate "2020.09.07"]
[SourceVersion "1"]
[SourceVersionDate "2020.09.07"]
[SourceQuality "2"]

1. d4 Nf6 2. c4 e6 3. Nc3 Bb4 4. e3 c5 5. Nge2 cxd4 6. exd4 d5 7. a3 Be7 8. c5
O-O 9. g3 Nc6 10. Bg2 e5 11. dxe5 Nxe5 12. b4 Bg4 13. f4 Nc6 14. O-O a5 15. Rb1
axb4 16. axb4 Re8 17. Rf2 Bf8 18. Qd3 d4 19. Bxc6 bxc6 20. Qxd4 Qe7 21. f5 Rad8
22. Qf4 Rd3 23. Bb2 Re3 24. Nd4 Bh3 25. Ne6 Ng4 26. Ne4 Rxe4 27. Qxe4 Nxf2 28.
Kxf2 fxe6 29. f6 gxf6 30. g4 f5 31. gxf5 Bxf5 32. Rg1+ Bg7 33. Qxc6 Bg6 34.
Bxg7 Kxg7 35. Rg4 Qf6+ 36. Kg3 Rd8 37. Qb7+ Kh8 38. Rf4 Qg5+ 39. Rg4 Rd3+ 0-1

[Event "GBR-ch72"]
[Site "Edinburgh"]
[Date "1985.08.08"]
[Round "10.3"]
[White "Hartston, William Roland"]
[Black "Chandler, Murray G"]
[Result "1/2-1/2"]
[WhiteElo "2430"]
[BlackElo "2525"]
[PlyCount "51"]
[EventDate "1985.07.29"]
[EventType "swiss"]
[EventRounds "11"]
[EventCountry "GBR"]
[SourceTitle "BritBase"]
[Source "John Saunders"]
[SourceDate "2020.09.07"]
[SourceVersion "1"]
[SourceVersionDate "2020.09.07"]
[SourceQuality "2"]

1. e4 c5 2. Nc3 Nc6 3. g3 g6 4. d3 Bg7 5. Bg2 d6 6. f4 e6 7. Nf3 Nge7 8. O-O
O-O 9. Be3 Nd4 10. Rb1 b6 11. Bf2 Bb7 12. Nxd4 cxd4 13. Ne2 e5 14. g4 exf4 15.
Bxd4 Bxd4+ 16. Nxd4 b5 17. Kh1 Qb6 18. c3 b4 19. Rxf4 Rab8 20. Qg1 bxc3 21.
bxc3 Qa5 22. Rbf1 Ba6 23. c4 Qxa2 24. Ra1 Qd2 25. Qf2 Qxd3 26. Bf1 1/2-1/2

[Event "GBR-ch72"]
[Site "Edinburgh"]
[Date "1985.08.08"]
[Round "10.4"]
[White "Rogers, Ian"]
[Black "Cummings, David H"]
[Result "1-0"]
[WhiteElo "2510"]
[BlackElo "2415"]
[PlyCount "113"]
[EventDate "1985.07.29"]
[EventType "swiss"]
[EventRounds "11"]
[EventCountry "GBR"]
[SourceTitle "BritBase"]
[Source "John Saunders"]
[SourceDate "2020.09.07"]
[SourceVersion "1"]
[SourceVersionDate "2020.09.07"]
[SourceQuality "2"]

1. d4 Nf6 2. Nf3 b6 3. g3 e6 4. Bg2 Bb7 5. c4 Bb4+ 6. Nc3 O-O 7. O-O Bxc3 8.
bxc3 Be4 9. Re1 d6 10. Bf1 Nbd7 11. Nd2 Bb7 12. e4 e5 13. Bd3 Re8 14. f3 Nf8
15. Nb3 a5 16. a4 Qd7 17. Be3 Ba6 18. Qe2 Ng6 19. Nd2 Rad8 20. Nb1 h5 21. Rd1
h4 22. Bg5 Rc8 23. Nd2 Nh7 24. Be3 hxg3 25. hxg3 Qh3 26. Qf2 Nf6 27. Bf1 Qe6
28. Qh2 Rcd8 29. Bh3 Qe7 30. Bg5 Bc8 31. Bxc8 Rxc8 32. Nf1 exd4 33. cxd4 Qe6
34. Ne3 Nh7 35. Bf4 Ne7 36. Kf2 f5 37. Qh3 Rf8 38. Rh1 Qg6 39. e5 dxe5 40. Bxe5
Ng5 41. Qh4 Kf7 42. d5 Rh8 43. Qxh8 Rxh8 44. Rxh8 Ng8 45. Rah1 c6 46. R1h4 Kf8
47. Rf4 Nf7 48. Rxf5 cxd5 49. cxd5 b5 50. axb5 Qb6 51. Bb2 g6 52. Rf4 Qxb5 53.
Nc4 Qxd5 54. Rh7 Nf6 55. Bxf6 g5 56. Bxg5 Kg8 57. Rhxf7 1-0

[Event "GBR-ch72"]
[Site "Edinburgh"]
[Date "1985.08.08"]
[Round "10.5"]
[White "Johansen, Darryl Keith"]
[Black "Thipsay, Praveen Mahadeo"]
[Result "0-1"]
[WhiteElo "2410"]
[BlackElo "2495"]
[PlyCount "60"]
[EventDate "1985.07.29"]
[EventType "swiss"]
[EventRounds "11"]
[EventCountry "GBR"]
[SourceTitle "BritBase"]
[Source "John Saunders"]
[SourceDate "2020.09.07"]
[SourceVersion "1"]
[SourceVersionDate "2020.09.07"]
[SourceQuality "2"]

1. c4 g6 2. g3 Bg7 3. Bg2 e5 4. Nc3 Nc6 5. d3 f5 6. e3 Nf6 7. Nge2 O-O 8. O-O
d6 9. Rb1 g5 10. f4 gxf4 11. exf4 Ne7 12. fxe5 dxe5 13. d4 exd4 14. Nxd4 c6 15.
Nb3 Ng6 16. Bg5 Qc7 17. Qc2 Ng4 18. h3 Qxg3 19. hxg4 Be5 20. Rf2 fxg4 21. Rxf8+
Nxf8 22. Ne4 Qh2+ 23. Kf1 g3 24. Nbd2 Bg4 25. Bf6 Nd7 26. Bxe5 Rf8+ 27. Ke1
Qxg2 28. Qd3 Nxe5 29. Qe3 Qg1+ 30. Qxg1 Nd3# 0-1

[Event "GBR-ch72"]
[Site "Edinburgh"]
[Date "1985.08.08"]
[Round "10.6"]
[White "Pritchett, Craig William"]
[Black "King, Daniel J"]
[Result "1/2-1/2"]
[WhiteElo "2395"]
[BlackElo "2435"]
[PlyCount "85"]
[EventDate "1985.07.29"]
[EventType "swiss"]
[EventRounds "11"]
[EventCountry "GBR"]
[SourceTitle "BritBase"]
[Source "John Saunders"]
[SourceDate "2020.09.07"]
[SourceVersion "1"]
[SourceVersionDate "2020.09.07"]
[SourceQuality "2"]

1. e4 c5 2. Nf3 d6 3. d4 cxd4 4. Nxd4 Nf6 5. Nc3 a6 6. Be2 e5 7. Nb3 Be7 8. O-O
O-O 9. Be3 Be6 10. Qd2 Nbd7 11. a4 Rc8 12. a5 Qc7 13. Rfd1 Rfe8 14. Bf3 Ng4 15.
Bxg4 Bxg4 16. Nd5 Qc6 17. f3 Be6 18. Nxe7+ Rxe7 19. Qb4 Ree8 20. Rd2 d5 21.
exd5 Bxd5 22. Rad1 Nf6 23. Nc5 Bxf3 24. gxf3 Qxf3 25. Re1 e4 26. Rf2 Qh5 27.
Bd4 Ng4 28. Rg2 Rc6 29. Rxe4 Rxe4 30. Nxe4 Ne5 31. Nf2 Nf3+ 32. Kf1 g6 33. Ng4
Qh4 34. Bf2 Qd8 35. Rg3 Qd1+ 36. Kg2 Nh4+ 37. Kh3 Nf5 38. Qe1 Qxe1 39. Bxe1
Nxg3 40. hxg3 Rxc2 41. Bc3 f5 42. Nf6+ Kg7 43. Ne4+ 1/2-1/2

[Event "GBR-ch72"]
[Site "Edinburgh"]
[Date "1985.08.08"]
[Round "10.7"]
[White "Martin, Andrew D"]
[Black "Condie, Mark L"]
[Result "1/2-1/2"]
[WhiteElo "2410"]
[BlackElo "2405"]
[PlyCount "80"]
[EventDate "1985.07.29"]
[EventType "swiss"]
[EventRounds "11"]
[EventCountry "GBR"]
[SourceTitle "BritBase"]
[Source "John Saunders"]
[SourceDate "2020.09.07"]
[SourceVersion "1"]
[SourceVersionDate "2020.09.07"]
[SourceQuality "2"]

1. c4 e6 2. d4 d5 3. cxd5 exd5 4. Nc3 c6 5. Bf4 Bf5 6. e3 Nf6 7. Nge2 Qb6 8.
Qd2 Ne4 9. Nxe4 Bxe4 10. Nc3 Bf5 11. Be2 Nd7 12. O-O Be7 13. f3 Nf6 14. Be5 O-O
15. Rae1 Nd7 16. Bg3 Bg6 17. a3 f5 18. Bd3 Rae8 19. b4 Bf6 20. Na4 Qd8 21. Bd6
Rf7 22. f4 Nb6 23. Nxb6 Qxd6 24. Na4 Bd8 25. Bb1 b6 26. Nb2 Rc7 27. Nd3 Bf6 28.
Ne5 c5 29. Rc1 Rec8 30. bxc5 bxc5 31. dxc5 Rxc5 32. Rxc5 Qxc5 33. Ba2 Rd8 34.
a4 Kh8 35. Nxg6+ hxg6 36. Kh1 Qc3 37. Qxc3 Bxc3 38. Rd1 Bf6 39. Bxd5 g5 40. Kg1
g6 1/2-1/2

[Event "GBR-ch72"]
[Site "Edinburgh"]
[Date "1985.08.08"]
[Round "10.8"]
[White "Watson, William N"]
[Black "Hebden, Mark L"]
[Result "1/2-1/2"]
[WhiteElo "2435"]
[BlackElo "2455"]
[PlyCount "81"]
[EventDate "1985.07.29"]
[EventType "swiss"]
[EventRounds "11"]
[EventCountry "GBR"]
[SourceTitle "BritBase"]
[Source "John Saunders"]
[SourceDate "2020.09.07"]
[SourceVersion "1"]
[SourceVersionDate "2020.09.07"]
[SourceQuality "2"]

1. c3 Nf6 2. c4 g6 3. Nc3 Bg7 4. g3 O-O 5. Bg2 d6 6. d3 c6 7. e4 a6 8. Nge2 b5
9. O-O Nbd7 10. b3 e5 11. h3 Nc5 12. Qc2 Bb7 13. Bb2 Rc8 14. f4 Nfd7 15. f5 Nb6
16. a4 bxa4 17. bxa4 a5 18. g4 Na6 19. Na2 d5 20. c5 Nd7 21. Ba3 Bh6 22. Rf3
Nf6 23. Rg3 dxe4 24. dxe4 Qd2 25. Qxd2 Bxd2 26. Rb1 Ba8 27. Nac1 Rb8 28. Rb6
Rxb6 29. cxb6 c5 30. Nc3 Nb4 31. Nb3 Bf4 32. Rf3 Rb8 33. Nxa5 Rxb6 34. Nc4 Rb8
35. Rf1 gxf5 36. exf5 Bxg2 37. Kxg2 Nc2 38. Bc1 Rb3 39. Bxf4 Rxc3 40. Nxe5 Nd5
41. Bd2 1/2-1/2

[Event "GBR-ch72"]
[Site "Edinburgh"]
[Date "1985.08.08"]
[Round "10.9"]
[White "McNab, Colin Anderson"]
[Black "Pigott, John C"]
[Result "1-0"]
[WhiteElo "2420"]
[BlackElo "2330"]
[PlyCount "111"]
[EventDate "1985.07.29"]
[EventType "swiss"]
[EventRounds "11"]
[EventCountry "GBR"]
[SourceTitle "BritBase"]
[Source "John Saunders"]
[SourceDate "2020.09.07"]
[SourceVersion "1"]
[SourceVersionDate "2020.09.07"]
[SourceQuality "2"]

1. c4 Nf6 2. Nf3 b6 3. g3 Bb7 4. Bg2 g6 5. d4 Bg7 6. O-O O-O 7. Nc3 Ne4 8. Qd3
Nxc3 9. bxc3 d6 10. e4 Nd7 11. Be3 Nf6 12. Nh4 e5 13. Rae1 c5 14. f4 Ng4 15.
fxe5 cxd4 16. cxd4 dxe5 17. d5 Nxe3 18. Rxe3 Ba6 19. Nf3 Rc8 20. Nd2 Bh6 21.
Ref3 Bxd2 22. Qxd2 Rxc4 23. Qh6 Rc2 24. R1f2 Qc7 25. h4 Qc5 26. Qe3 Qxe3 27.
Rxe3 Rxf2 28. Kxf2 Rc8 29. Ra3 Rc2+ 30. Kg1 Bc4 31. Rxa7 Rxa2 32. Rb7 b5 33. d6
Ra8 34. Bh3 Rd8 35. Rb6 Kg7 36. Kf2 Kf6 37. g4 g5 38. hxg5+ Kxg5 39. Kg3 f6 40.
Bg2 Rd7 41. Bf3 h6 42. Rc6 Rd8 43. Rb6 Ra8 44. Rb7 Kg6 45. g5 fxg5 46. Bg4 h5
47. Bf5+ Kf6 48. d7 Ke7 49. Rb6 Rd8 50. Rh6 b4 51. Rxh5 b3 52. Rh6 Rb8 53. Rc6
Ba6 54. Re6+ Kf8 55. Rxa6 b2 56. Rb6 1-0

[Event "GBR-ch72"]
[Site "Edinburgh"]
[Date "1985.08.08"]
[Round "10.10"]
[White "Basman, Michael John"]
[Black "Bellin, Robert"]
[Result "1/2-1/2"]
[WhiteElo "2400"]
[BlackElo "2395"]
[PlyCount "146"]
[EventDate "1985.07.29"]
[EventType "swiss"]
[EventRounds "11"]
[EventCountry "GBR"]
[SourceTitle "BritBase"]
[Source "John Saunders"]
[SourceDate "2020.09.07"]
[SourceVersion "1"]
[SourceVersionDate "2020.09.07"]
[SourceQuality "2"]

1. g4 e5 2. h3 Bc5 3. c4 Ne7 4. Nc3 a5 5. d3 O-O 6. Nf3 Nbc6 7. Bg2 d6 8. g5
Be6 9. h4 d5 10. cxd5 Nxd5 11. Ne4 Bb4+ 12. Kf1 Kh8 13. h5 f5 14. gxf6 Nxf6 15.
Nh4 Nd4 16. Bg5 Nxe4 17. Bxd8 Nxf2 18. Qb1 Raxd8 19. Nf3 Ng4 20. h6 e4 21.
hxg7+ Kxg7 22. dxe4 Bc4 23. Qc1 Nxf3 24. Bxf3 Bd2 25. Rh4 Ne3+ 26. Kf2 Bxc1 27.
Rxc1 Nd1+ 28. Kg3 Be6 29. b3 c6 30. Rh1 Ne3 31. Rc3 Nd1 32. Rc1 Ne3 33. Rc3 Nd1
34. Rc1 Ne3 35. Rc3 Nd5 36. exd5 Bxd5 37. Rh5 Bxf3 38. exf3 Ra8 39. a4 Ra7 40.
Rcc5 Rfa8 41. f4 Ra6 42. Rce5 Kh8 43. f5 c5 44. Kf4 Rg8 45. Re6 c4 46. bxc4 Rc8
47. Ke5 Rc5+ 48. Kd4 Rac6 49. Rxc6 Rxc6 50. Rg5 h6 51. Rg4 Kh7 52. Kd5 h5 53.
Re4 Rc7 54. Re6 Kg7 55. c5 h4 56. Rg6+ Kh7 57. Rg4 Kh6 58. f6 h3 59. Ke6 Rc6+
60. Ke7 Rc7+ 61. Ke8 h2 62. Rh4+ Kg5 63. Rxh2 Kxf6 64. Rh5 Ke6 65. Kd8 Rc6 66.
Rg5 Kf6 67. Rd5 Ke6 68. Rh5 Kf7 69. Kd7 Kg6 70. Rd5 Kf7 71. Kd8 Ke6 72. Rh5 Kf7
73. Kd7 Kg6 1/2-1/2

[Event "GBR-ch72"]
[Site "Edinburgh"]
[Date "1985.08.08"]
[Round "10.11"]
[White "Motwani, Paul"]
[Black "Howell, James C"]
[Result "1-0"]
[WhiteElo "2365"]
[BlackElo "2370"]
[PlyCount "119"]
[EventDate "1985.07.29"]
[EventType "swiss"]
[EventRounds "11"]
[EventCountry "GBR"]
[SourceTitle "BritBase"]
[Source "John Saunders"]
[SourceDate "2020.09.07"]
[SourceVersion "1"]
[SourceVersionDate "2020.09.07"]
[SourceQuality "2"]

1. e4 c5 2. Nf3 d6 3. d4 Nf6 4. Bb5+ Bd7 5. Bxd7+ Nfxd7 6. e5 cxd4 7. exd6 e5
8. Nxd4 Qa5+ 9. Bd2 Qd5 10. Nf3 Qxd6 11. Nc3 Be7 12. O-O O-O 13. Be3 Qc6 14.
Qd5 Qxd5 15. Nxd5 Nc6 16. Nxe7+ Nxe7 17. Rfd1 Rfd8 18. Rd3 Nf6 19. Rxd8+ Rxd8
20. Bxa7 e4 21. Nd4 Rc8 22. b3 Ned5 23. c4 Nb4 24. Nb5 Rd8 25. Bc5 Nc2 26. Rc1
Rd2 27. Nc3 h5 28. Nb1 Rd3 29. Kf1 Nd4 30. Bxd4 Rxd4 31. Ke2 Kf8 32. Nc3 Ke7
33. h3 Ke6 34. Na4 Nd7 35. Rc3 g5 36. a3 f5 37. c5 Ne5 38. b4 f4 39. Nb6 f3+
40. gxf3 Nxf3 41. b5 Kf5 42. Nc4 Kf4 43. Ne3 Rd2+ 44. Kf1 Rb2 45. Ng2+ Ke5 46.
c6 bxc6 47. bxc6 Rb8 48. c7 Rc8 49. Ne3 Ke6 50. Kg2 Ne1+ 51. Kg3 Kd6 52. Nf5+
Kd7 53. Re3 Nc2 54. Rxe4 Nxa3 55. Re7+ Kc6 56. Ng7 Nb5 57. Nxh5 Nxc7 58. Re5
Rg8 59. Kg4 Rf8 60. Rf5 1-0

[Event "GBR-ch72"]
[Site "Edinburgh"]
[Date "1985.08.08"]
[Round "10.12"]
[White "Thomson, Craig"]
[Black "Levitt, Jonathan"]
[Result "0-1"]
[WhiteElo "2260"]
[BlackElo "2375"]
[PlyCount "79"]
[EventDate "1985.07.29"]
[EventType "swiss"]
[EventRounds "11"]
[EventCountry "GBR"]
[SourceTitle "BritBase"]
[Source "John Saunders"]
[SourceDate "2020.09.07"]
[SourceVersion "1"]
[SourceVersionDate "2020.09.07"]
[SourceQuality "2"]

1. d4 Nf6 2. Nf3 b6 3. Bg5 Bb7 4. Nbd2 e6 5. e4 h6 6. Bxf6 Qxf6 7. Bd3 d6 8.
Qe2 Qd8 9. c3 Be7 10. Nf1 Nd7 11. Ne3 a6 12. O-O O-O 13. Nd2 c5 14. f4 cxd4 15.
cxd4 b5 16. Rf3 Qb6 17. Rg3 Qxd4 18. Nb3 Qb6 19. Kh1 Rfc8 20. Qh5 Kf8 21. e5 a5
22. Qg4 g5 23. Qh5 Ke8 24. Rf1 Bf8 25. fxg5 Nxe5 26. gxh6 Be7 27. Ng4 Nxg4 28.
Rxg4 Kd7 29. Rxf7 Rf8 30. h7 Qe3 31. Bxb5+ Kc7 32. Rxe7+ Kb6 33. Qh4 Kxb5 34.
Rxb7+ Ka6 35. h3 Rf1+ 36. Kh2 Raf8 37. Nc5+ Qxc5 38. Rd4 Kxb7 39. h8=Q Rxh8 40.
Qxh8 0-1

[Event "GBR-ch72"]
[Site "Edinburgh"]
[Date "1985.08.08"]
[Round "10.13"]
[White "Ivell, Nicholas W"]
[Black "Prasad, Devaki V"]
[Result "1/2-1/2"]
[WhiteElo "2350"]
[BlackElo "2375"]
[PlyCount "102"]
[EventDate "1985.07.29"]
[EventType "swiss"]
[EventRounds "11"]
[EventCountry "GBR"]
[SourceTitle "BritBase"]
[Source "John Saunders"]
[SourceDate "2020.09.07"]
[SourceVersion "1"]
[SourceVersionDate "2020.09.07"]
[SourceQuality "2"]

1. e4 c5 2. Nc3 Nc6 3. g3 g6 4. Bg2 Bg7 5. f4 d6 6. Nf3 e6 7. O-O Nge7 8. d3
O-O 9. Bd2 Rb8 10. Rb1 b5 11. a3 a5 12. a4 b4 13. Nb5 Nd4 14. c4 Nxf3+ 15. Bxf3
Bb7 16. Be3 e5 17. fxe5 Bxe5 18. d4 cxd4 19. Nxd4 Nc6 20. Nb5 Qe7 21. Qd2 Ba6
22. Rbd1 Bxb5 23. cxb5 Nd8 24. Rf2 Ne6 25. Rdf1 Nc5 26. Qc2 Kg7 27. Be2 f6 28.
Bc4 h5 29. Bd5 Rbc8 30. Qd2 Nxa4 31. Bh6+ Kh7 32. Bxf8 Qxf8 33. b3 Nc3 34. b6
Rc5 35. Kh1 Kg7 36. Rf3 Qb8 37. Qf2 Nxd5 38. exd5 f5 39. Rxf5 gxf5 40. Qxf5 Qe8
41. b7 Rb5 42. Qc8 Qg6 43. Rf5 Kh6 44. Qc1+ Kh7 45. Qc7+ Bg7 46. Rf7 Qe4+ 47.
Kg1 Qe1+ 48. Kg2 Qe2+ 49. Kh3 Qg4+ 50. Kg2 Qe2+ 51. Kh3 Qg4+ 1/2-1/2

[Event "GBR-ch72"]
[Site "Edinburgh"]
[Date "1985.08.08"]
[Round "10.14"]
[White "Hawksworth, John C"]
[Black "McDonald, Neil R"]
[Result "1-0"]
[WhiteElo "2370"]
[BlackElo "2216"]
[PlyCount "85"]
[EventDate "1985.07.29"]
[EventType "swiss"]
[EventRounds "11"]
[EventCountry "GBR"]
[SourceTitle "BritBase"]
[Source "John Saunders"]
[SourceDate "2020.09.07"]
[SourceVersion "1"]
[SourceVersionDate "2020.09.07"]
[SourceQuality "2"]

1. d4 d5 2. c4 e6 3. Nf3 Nd7 4. Nc3 Ngf6 5. e3 Be7 6. Bd3 dxc4 7. Bxc4 c5 8.
O-O O-O 9. e4 cxd4 10. Nxd4 Ne5 11. Be2 Nc6 12. Nxc6 bxc6 13. Qxd8 Rxd8 14. Be3
Bb7 15. f3 Nd7 16. Na4 Nb6 17. Nc3 Nd7 18. Rfd1 Bc5 19. Kf2 Bxe3+ 20. Kxe3 Kf8
21. Na4 Ke7 22. Rac1 Rab8 23. b4 Rbc8 24. a3 Rc7 25. Rd2 Rdc8 26. Rdc2 Kd8 27.
Nc5 Nxc5 28. Rxc5 Rd7 29. f4 Rcc7 30. R1c3 Kc8 31. Bf3 Ba6 32. e5 Bb5 33. g4
Rd8 34. Bxc6 Rxc6 35. Rxc6+ Bxc6 36. Rxc6+ Kb7 37. Rd6 Rxd6 38. exd6 Kc6 39.
Kd4 Kxd6 40. h4 h6 41. a4 g6 42. g5 hxg5 43. hxg5 1-0

[Event "GBR-ch72"]
[Site "Edinburgh"]
[Date "1985.08.08"]
[Round "10.15"]
[White "Bryson, Douglas"]
[Black "Wells, Peter K"]
[Result "1/2-1/2"]
[WhiteElo "2275"]
[BlackElo "2365"]
[PlyCount "81"]
[EventDate "1985.07.29"]
[EventType "swiss"]
[EventRounds "11"]
[EventCountry "GBR"]
[SourceTitle "BritBase"]
[Source "John Saunders"]
[SourceDate "2020.09.07"]
[SourceVersion "1"]
[SourceVersionDate "2020.09.07"]
[SourceQuality "2"]

1. e4 c6 2. d4 d5 3. exd5 cxd5 4. c4 Nf6 5. Nc3 e6 6. Nf3 Bb4 7. Bd3 O-O 8. O-O
dxc4 9. Bxc4 b6 10. Re1 Bb7 11. Bd3 Nbd7 12. a3 Bxc3 13. bxc3 Rc8 14. c4 Ba6
15. Qe2 Qc7 16. Ne5 Nxe5 17. dxe5 Nd7 18. Qe4 f5 19. exf6 Nxf6 20. Qxe6+ Kh8
21. Bb2 Bxc4 22. Bxc4 Qxc4 23. Qxc4 Rxc4 24. Re7 Rfc8 25. g3 R8c7 26. Rae1 Kg8
27. R1e6 Nd5 28. Rxc7 Rxc7 29. Rd6 Ne7 30. Rd2 Kf7 31. Kf1 g6 32. Ke1 Ke6 33.
Re2+ Kd5 34. Kd2 Nc6 35. Kd3 b5 36. f4 b4 37. g4 Rf7 38. Re4 g5 39. fxg5 Rf3+
40. Re3 Rf2 41. Re2 1/2-1/2

[Event "GBR-ch72"]
[Site "Edinburgh"]
[Date "1985.08.08"]
[Round "10.16"]
[White "Conquest, Stuart"]
[Black "Lawton, Geoffrey W"]
[Result "0-1"]
[WhiteElo "2345"]
[BlackElo "2360"]
[PlyCount "128"]
[EventDate "1985.07.29"]
[EventType "swiss"]
[EventRounds "11"]
[EventCountry "GBR"]
[SourceTitle "BritBase"]
[Source "John Saunders"]
[SourceDate "2020.09.07"]
[SourceVersion "1"]
[SourceVersionDate "2020.09.07"]
[SourceQuality "2"]

1. g3 e5 2. Bg2 Nc6 3. d3 d5 4. Nf3 Nf6 5. O-O Be7 6. c3 a5 7. a4 O-O 8. Qc2
Re8 9. e4 d4 10. Na3 Nd7 11. Nc4 Bf8 12. Ne1 Nc5 13. f4 exf4 14. Bxf4 Be6 15.
Rd1 Rb8 16. Kh1 Qd7 17. cxd4 Nxd4 18. Qf2 Rbd8 19. Rc1 f6 20. Nxa5 b6 21. b4
Na6 22. b5 bxa5 23. bxa6 c5 24. Nc2 Nb3 25. Rcd1 Qa7 26. Na3 Bg4 27. Nb5 Qb6
28. a7 Bxd1 29. Bc7 Qa6 30. Rxd1 Ra8 31. e5 Rxa7 32. Bd5+ Kh8 33. Bxb3 Rxc7 34.
Nxc7 Qb7+ 35. Bd5 Qxc7 36. exf6 Qd6 37. Bf7 Rd8 38. fxg7+ Bxg7 39. Qf3 Qd7 40.
Bb3 Qd4 41. Bc4 Rf8 42. Qh5 Qd7 43. Qxc5 Qxa4 44. Qh5 Qb4 45. Qd5 Qe7 46. Rb1
a4 47. Kg2 Qf6 48. h4 a3 49. Kh3 Rd8 50. Qa5 Rf8 51. Re1 Qf2 52. Be6 h6 53. Rb1
Re8 54. Bc4 Be5 55. Qe1 a2 56. Bxa2 Qxa2 57. Rb6 Qf7 58. Rxh6+ Kg7 59. Ra6 Qd7+
60. Kh2 Qxd3 61. Ra7+ Kh8 62. Qf2 Bxg3+ 63. Qxg3 Re2+ 64. Kh3 Qf5+ 0-1

[Event "GBR-ch72"]
[Site "Edinburgh"]
[Date "1985.08.08"]
[Round "10.18"]
[White "Kosten, Anthony C"]
[Black "Buckmire, Ron"]
[Result "1-0"]
[WhiteElo "2395"]
[BlackElo "2200"]
[PlyCount "85"]
[EventDate "1985.07.29"]
[EventType "swiss"]
[EventRounds "11"]
[EventCountry "GBR"]
[SourceTitle "BritBase"]
[Source "John Saunders"]
[SourceDate "2020.09.07"]
[SourceVersion "1"]
[SourceVersionDate "2020.09.07"]
[SourceQuality "2"]

1. e4 c5 2. Nf3 d6 3. d4 cxd4 4. Nxd4 Nf6 5. Nc3 a6 6. Be2 e5 7. Nb3 Be7 8. O-O
O-O 9. Be3 Nc6 10. Qd2 Be6 11. Rfd1 Rc8 12. Bf3 Kh8 13. a4 Bxb3 14. cxb3 Na5
15. Qc2 b5 16. b4 Nc4 17. Bc1 a5 18. Qd3 bxa4 19. Rxa4 axb4 20. Na2 d5 21. exd5
Bc5 22. Ra6 e4 23. Bxe4 Ne5 24. Qe2 Nfg4 25. Rf1 Qh4 26. Bf4 Nxf2 27. g3 Nxe4+
28. Kg2 Qd8 29. Qxe4 Ng6 30. Qd3 Qd7 31. Nc1 Rfd8 32. Nb3 Bf8 33. Ra5 Ra8 34.
Rxa8 Rxa8 35. Be3 Rd8 36. Rd1 Ne7 37. d6 Nc8 38. Bc5 Nxd6 39. Qf3 Qb7 40. Qxb7
Nxb7 41. Rxd8 Nxd8 42. Bxf8 Nc6 43. Bc5 1-0

[Event "GBR-ch72"]
[Site "Edinburgh"]
[Date "1985.08.08"]
[Round "10.19"]
[White "Hindle, Owen M"]
[Black "Muir, Andrew Joseph"]
[Result "0-1"]
[WhiteElo "2380"]
[BlackElo "2285"]
[PlyCount "64"]
[EventDate "1985.07.29"]
[EventType "swiss"]
[EventRounds "11"]
[EventCountry "GBR"]
[SourceTitle "BritBase"]
[Source "John Saunders"]
[SourceDate "2020.09.07"]
[SourceVersion "1"]
[SourceVersionDate "2020.09.07"]
[SourceQuality "2"]

1. e4 c5 2. Nf3 Nc6 3. d4 cxd4 4. Nxd4 Nf6 5. Nc3 d6 6. Bg5 e6 7. Qd2 Be7 8.
O-O-O O-O 9. Nb3 a6 10. Be2 b5 11. Bxf6 gxf6 12. Qh6 Kh8 13. f4 b4 14. Rd3 Rg8
15. Rh3 Rg7 16. Nd1 a5 17. Kb1 a4 18. Nc1 Nd4 19. Bd3 Ba6 20. Bxa6 Rxa6 21. Rg3
Bf8 22. Qh5 Ra5 23. Qh4 d5 24. f5 dxe4 25. Rxg7 Bxg7 26. fxe6 fxe6 27. Qxe4 f5
28. Qb7 Rb5 29. Qa7 a3 30. Nb3 Nxb3 31. axb3 Rd5 32. Ne3 Ra5 0-1

[Event "GBR-ch72"]
[Site "Edinburgh"]
[Date "1985.08.08"]
[Round "10.20"]
[White "Wiley, Tom E"]
[Black "Orr, Mark JL"]
[Result "1/2-1/2"]
[WhiteElo "2225"]
[BlackElo "2340"]
[PlyCount "59"]
[EventDate "1985.07.29"]
[EventType "swiss"]
[EventRounds "11"]
[EventCountry "GBR"]
[SourceTitle "BritBase"]
[Source "John Saunders"]
[SourceDate "2020.09.07"]
[SourceVersion "1"]
[SourceVersionDate "2020.09.07"]
[SourceQuality "2"]

1. c4 e6 2. Nc3 d5 3. d4 Nf6 4. Bg5 Nbd7 5. e3 c6 6. cxd5 exd5 7. Bd3 Be7 8.
Qc2 h6 9. Bxf6 Nxf6 10. Nge2 O-O 11. O-O-O b5 12. Kb1 a5 13. f3 a4 14. g4 Qa5
15. h4 b4 16. g5 bxc3 17. gxf6 Bxf6 18. Qxc3 Qxc3 19. Nxc3 a3 20. b3 Re8 21.
Rde1 Ra7 22. Kc2 Bd8 23. Rh2 Ba5 24. Rg2 f5 25. f4 Bd8 26. h5 Bf6 27. Ree2 Ba6
28. Rg1 Kf7 29. Bxa6 Rxa6 30. Kd3 1/2-1/2

[Event "GBR-ch72"]
[Site "Edinburgh"]
[Date "1985.08.08"]
[Round "10.21"]
[White "Knott, Simon JB"]
[Black "Teichmann, Erik OMC"]
[Result "1-0"]
[WhiteElo "2275"]
[BlackElo "2385"]
[PlyCount "76"]
[EventDate "1985.07.29"]
[EventType "swiss"]
[EventRounds "11"]
[EventCountry "GBR"]
[SourceTitle "BritBase"]
[Source "John Saunders"]
[SourceDate "2020.09.07"]
[SourceVersion "1"]
[SourceVersionDate "2020.09.07"]
[SourceQuality "2"]

1. c4 c6 2. Nf3 d5 3. d4 e6 4. Nbd2 Nf6 5. e3 Nbd7 6. Bd3 Bd6 7. e4 dxe4 8.
Nxe4 Nxe4 9. Bxe4 O-O 10. O-O h6 11. Qc2 e5 12. c5 Bc7 13. Be3 exd4 14. Bxd4
Nf6 15. Rad1 Nxe4 16. Bxg7 Qe7 17. Bxf8 Kxf8 18. Rfe1 f5 19. b4 Qf6 20. Nd4 Be5
21. Qd3 Ng5 22. f4 Bxd4+ 23. Qxd4 Qxd4+ 24. Rxd4 Ne6 25. Rd6 Kf7 26. Re5 Kf6
27. Re3 Ke7 28. g4 Kf6 29. Rh3 fxg4 30. Rxh6+ Kf5 31. Rh8 a5 32. bxa5 Rxa5 33.
Rxc8 Rxa2 34. Rd1 Ra4 35. Rb8 Rb4 36. Rf1 Nxf4 37. Kf2 Ke5 38. Rd8 Ke4 {
etc (45)} 1-0